| 000 | 01283nam a2200349 i 4500 | ||
|---|---|---|---|
| 001 | 016327961 | ||
| 003 | OSt | ||
| 005 | 20160822150634.0 | ||
| 008 | 130410r20132012xxk fr2b f001 0 eng d | ||
| 020 | _a9780199682270 (pbk.) | ||
| 040 |
_aStDuBDS _beng _cStDuBDS _dIeDuTC _dEG-ScBUE |
||
| 082 | 0 | 0 |
_a382.92 _222 _bROL |
| 100 | 1 |
_aRolland, Sonia E. _937257 |
|
| 245 | 1 | 0 |
_aDevelopment at the World Trade Organization / _cSonia E. Rolland. |
| 246 | 3 | 4 | _aDevelopment at the WTO |
| 250 |
_a1st ed., _breprinted |
||
| 260 |
_aOxford, United Kingdom ; _aNew York, United States : _bOxford University Press, _c2013. |
||
| 300 |
_axxxviii, 361 p. ; _c24 cm. |
||
| 490 | 1 | _aInternational economic law series | |
| 500 | _aReprint of the 2012 ed | ||
| 500 | _aIndex : p. 355-361. | ||
| 504 | _aBibliography : p. 333-353. | ||
| 504 | _aIncludes bibliographical references. | ||
| 610 | 2 | 0 |
_aWorld Trade Organization _zDeveloping countries _937258 |
| 650 | 0 |
_aFree trade _zDeveloping countries _937259 |
|
| 651 | 0 |
_aDeveloping countries _xCommercial policy _937260 |
|
| 653 |
_bBUSECO _cJanuary2015 |
||
| 655 |
_vreading book _934232 |
||
| 651 | 0 |
_93693 _aDeveloping countries _xEconomic policy |
|
| 830 | 0 | _aInternational economic law series (Oxford, England) | |
| 942 |
_2ddc _k382.92 ROL |
||
| 999 |
_c18907 _d18879 |
||